000 01363nam0a2200337 4500
001 RU\NLR\bibl\183218
005 20260406050649.0
010 _a5-288-01401-9
_9200
035 _a(NLR Aleph) 000179825
090 _a1038004
_c1038004
100 _a20010914d1997 |||y0rusy50 ca
101 0 _arus
_erus
_eeng
102 _aRU
105 _aa |||||||||
200 1 _aФизика и химия атмосферных аэрозолей
_e[Сб. ст.]
_fПод ред. д.ф.-м.н. Л.С. Ивлева
210 _aСПб.
_cИзд-во СПбГУ
_d1997
215 _a295 с.
_cил.
_d19
225 1 _aПроблемы физики атмосферы
_eМежвуз. сб.
_fС.-Петерб. гос. ун-т
_x0552-2056
_vВып.20
320 _aБиблиогр. в конце ст.
606 0 _aАэрозоли в атмосфере
_jСборники
_91037867
_3RU\NLR\auth\6681295
606 0 _aАэрозоли атмосферные
_jСборники
_92080365
_3RU\NLR\auth\661256287
686 _aД232.2я43
702 1 _4340
_8rus
_7ca
_aИвлев
_bЛ. С.
_f1936-
_gЛев Семенович
_3RU\NLR\AUTH\776108
_9116063
801 0 _aRU
_bNLR
_c20010914
_gPSBO
801 1 _aRU
_bNLR
_c20010914
852 _aNLR
_jП7/964
942 _cBOOK
980 _aNB